| 000 | 00612 a2200181 4500 | ||
|---|---|---|---|
| 020 | _a140160241X | ||
| 040 |
_aDLC _bDLC |
||
| 082 | 0 | 0 | _a170.44 |
| 100 | 1 | _aCovey, Stephen R. | |
| 245 | 1 | 0 |
_aEveryday greatness: inspiration for a meaningful life _binspiration for a meaningful life _cSteven R. Covey ; compiled by David K. Hatch. |
| 246 | 1 | 0 | _aInspiration for a meaningful life |
| 260 |
_aNashville, Tenn. : _bRutledge Hill Press, _cc2006. |
||
| 300 |
_axvii, 445 p. ; _c25 cm. |
||
| 500 | _a"Reader's Digest." | ||
| 650 | 0 | _aConduct of life. | |
| 700 | 1 |
_aHatch, David K., _d1958- |
|
| 942 |
_cBK _k170.44 COV _2ddc |
||
| 999 |
_c9762 _d9762 |
||